00218nam a22000977a 4500020001800000082001200018100001500030245003100045260002800076650001600104 a9788184870633 a510 KUM aKumar Arun aMathematics for biologists aNew DelhibNarosac2011 amathematics